Vancouver Street Quiz - Statistics

General Stats
  • This quiz has been taken 55 times
  • The average score is 7 of 15
Answer Stats
Hint Answer % Correct
Major east-west road. Also known as 9th Ave. Broadway
87%
The only major street in Vanouver that runs against the grid;diagonally. Kingsway
80%
Major road that runs across the entire southern edge of Vancouver Marine Dr
73%
The Canada Line Skytrain runs right underneath this street for its entire length in Vancouver Cambie St
64%
Entertainment district. Nightclubs, drunk fights, donair shops. Also a major road. Granville St
64%
Downtown. Upscale shopping district; Restaurants, and boutiques. Robson St
64%
Bustling neighbourhood, Little Italy, ethnic food, major transit exchange Commercial Dr
51%
Major east-west road. Goes all the way to UBC and runs through many neighbourhoods including Kerrisdale. 41st Ave
44%
The street that separates East Vancouver and the West Side. (Where roads like E 4th Ave become W 4th Ave..) Ontario St
42%
Major road in East Van home to a large Chinese and Vietnamese population. Bustling streets full of restaurants and shops. Victoria Dr
40%
There are many busy shops and restaurants along this tree-lined street in the West End that runs towards English Bay Beach. Denman St
36%
Vancouver's main truck road that goes to the port. Knight St
27%
Downtown street home to many luxury brands and upscale dining. Vancouver's "rodeo drive" Alberni St
24%
Infamous major inner city road that runs through Canada's poorest neighbourhood E Hastings St
22%
The thoroughfare that makes up the main commercial strip of the Kitsilano neighbourhood. Lots of shopping and food. W 4th Ave
18%
No matching quizzes found
Score Distribution
Percent of People with Each Score
Percentile by Number Answered
Your Score History
You have not taken this quiz